000 00385nam a22001577a 4500
003 MPLRDC
005 20220104123735.0
008 210129b ||||| |||| 00| 0 eng d
082 _a177.3 LST
100 _a廖松涛编译
245 _a现代社交须知
_c
260 _a
_b宏信出版社
_c
300 _b
650 _a应用心理学--人际关系
942 _cBK
_o177.3 LST
999 _c13820
_d13810